فقه البيوع بين أبى حنيفة و ابن حزم : (رقم التسجيلة. 44466)

تفاصيل مارك
000 -LEADER
fixed length control field 02076cam a2200313 a 4500
003 - CONTROL NUMBER IDENTIFIER
control field EG-GiCUC
005 - DATE AND TIME OF LATEST TRANSACTION
control field 20250223030915.0
008 - FIXED-LENGTH DATA ELEMENTS--GENERAL INFORMATION
fixed length control field 131217c2013 ua f m 000 0 ara d
040 ## - CATALOGING SOURCE
Original cataloging agency EG-GiCUC
Language of cataloging ara
Transcribing agency EG-GiCUC
041 0# - LANGUAGE CODE
Language code of text/sound track or separate title ara
049 ## - LOCAL HOLDINGS (OCLC)
Holding library ايداع
097 ## - Thesis Degree
Thesis Level ماجستير
099 ## - LOCAL FREE-TEXT CALL NUMBER (OCLC)
Classification number Cai01.06.04.M.Sc.2013.سع.ف
100 0# - MAIN ENTRY--PERSONAL NAME
Personal name سعيد محمد عكاشة
245 10 - TITLE STATEMENT
Title فقه البيوع بين أبى حنيفة و ابن حزم :
Remainder of title دراسة فقهية مقارنة /
Statement of responsibility, etc. سعيد محمد عكاشة ؛ اشراف عبدالمجيد محمود عبدالمجيد
260 ## - PUBLICATION, DISTRIBUTION, ETC.
Place of publication, distribution, etc. القاهرة :
Name of publisher, distributor, etc. سعيد محمد عكاشة :
Date of publication, distribution, etc. 2013
300 ## - PHYSICAL DESCRIPTION
Extent 406 ورقة ؛
Dimensions 30سم
502 ## - DISSERTATION NOTE
Dissertation note اطروحة (ماجستير) - جامعة القاهرة - كلية دار العلوم - قسم الشريعة الإسلامية
520 ## - SUMMARY, ETC.
Summary, etc. تدور هذه الرسالة بين عالمين جليلين من أعلام الإسلامى و هما الإمام أبى حنيفة صاحب مدرسة الرأى و الامام ابن حزم صاحب مدرسة النص و قد تناولت فى هذه الرسالة ما يقرب من مائة مسألة من المسائل ذات الخلاف البين بين الأمامين فى "البيوع" مثل حكم القدرة على التسليم و بيع الطعام قبل قبضه و البيوع المنهى عنها و كذلك بيع المجهول نحو بيع الثمرة قبل بدو صلاحها و قد تناولت ايضا بيوع الغبن و الغرر و كذلك البيوع الربوية و بيع الأعيان المحرمة و كذلك الخيارات
530 ## - ADDITIONAL PHYSICAL FORM AVAILABLE NOTE
Additional physical form available note صدر ايضا كقرص مدمج
653 #4 - INDEX TERM--UNCONTROLLED
Uncontrolled term بيع المسلم على بيع اخيه
653 #4 - INDEX TERM--UNCONTROLLED
Uncontrolled term خيار الشرط
653 #4 - INDEX TERM--UNCONTROLLED
Uncontrolled term مفهوم التفرق فى البيع
700 0# - ADDED ENTRY--PERSONAL NAME
Personal name عبدالمجيد محمود عبدالمجيد :
Relator term
856 ## - ELECTRONIC LOCATION AND ACCESS
Uniform Resource Identifier <a href="http://172.23.153.220/th.pdf">http://172.23.153.220/th.pdf</a>
905 ## - LOCAL DATA ELEMENT E, LDE (RLIN)
Cataloger Nazla
Reviser Cataloger
905 ## - LOCAL DATA ELEMENT E, LDE (RLIN)
Cataloger Soheir
Reviser Revisor
942 ## - ADDED ENTRY ELEMENTS (KOHA)
Source of classification or shelving scheme Dewey Decimal Classification
Koha item type Thesis
المقتنيات
Source of classification or shelving scheme Not for loan Home library Current library Date acquired Full call number Barcode Date last seen Koha item type Copy number
Dewey Decimal Classification   المكتبة المركزبة الجديدة - جامعة القاهرة قاعة الرسائل الجامعية - الدور الاول 11.02.2024 Cai01.06.04.M.Sc.2013.سع.ف 01010100018469000 22.09.2023 Thesis  
Dewey Decimal Classification   المكتبة المركزبة الجديدة - جامعة القاهرة مخـــزن الرســائل الجـــامعية - البدروم 11.02.2024 Cai01.06.04.M.Sc.2013.سع.ف 01020100018469000 22.09.2023 CD - Rom 18469.CD
Cairo University Libraries Portal Implemented & Customized by: Eng. M. Mohamady Contacts: new-lib@cl.cu.edu.eg | cnul@cl.cu.edu.eg
CUCL logo CNUL logo
© All rights reserved — Cairo University Libraries
CUCL logo
Implemented & Customized by: Eng. M. Mohamady Contact: new-lib@cl.cu.edu.eg © All rights reserved — New Central Library
CNUL logo
Implemented & Customized by: Eng. M. Mohamady Contact: cnul@cl.cu.edu.eg © All rights reserved — Cairo National University Library